| 000 | 00500nam a22001817a 4500 | ||
|---|---|---|---|
| 005 | 20160531120557.0 | ||
| 010 | _aENG-115145 | ||
| 020 |
_a9789385288623 _c199.00 |
||
| 035 | _aEN-98677 | ||
| 037 | _bDBAD/PUB | ||
| 082 | _a881 | ||
| 100 | _aAnupama Raju | ||
| 245 |
_aNine / _cby Anupama Raju |
||
| 260 |
_aNew Delhi _bSpeaking Tiger _c2015 |
||
| 270 |
_a4381/4 Ansari Road, Daryaganj, _bNew Delhi _e110002 |
||
| 300 |
_a85p. : _c20cm(Hb) _bill. |
||
| 942 |
_2ddc _cEN _mANU _h881 |
||
| 999 |
_c100063 _d100063 |
||